| 000 | 00498nam a2200169 i 4500 | ||
|---|---|---|---|
| 001 | 104786 | ||
| 003 | ES-MaACL | ||
| 005 | 20230906183703.0 | ||
| 007 | t| | ||
| 008 | 051212s1977 sp ||||1| spa d | ||
| 100 | 1 |
_aMiravitlles, Jaume. _981574 |
|
| 245 | 1 | 4 |
_aLos comunicados secretos de Franco, Hitler y Mussolini / _cJaime Miravitlles. |
| 250 | _a[3ª ed.]. | ||
| 260 |
_aBarcelona : _bPlaza & Janés, _c1977. |
||
| 300 |
_a264 p., 8 lám. ; _c22 cm. |
||
| 852 |
_aES-MaACL _jL-324 _bR.100804 |
||
| 999 |
_c104786 _d104786 |
||